| 000 | 00611nam a2200205Ia 4500 | ||
|---|---|---|---|
| 003 | OSt | ||
| 005 | 20230327113017.0 | ||
| 008 | 210423s2006 xx 000 0 und d | ||
| 020 | _a8180611426 | ||
| 040 | _cAL | ||
| 041 | _aeng | ||
| 082 |
_a614.1 _223 _b MESS |
||
| 100 |
_aMESTRI (Shashidhar C). _978291 |
||
| 245 | _aManual of forensic medicine: for doctors police officers lawyers and nurses. | ||
| 260 |
_aNew Delhi _bJaypee Brothers _c2006 |
||
| 300 |
_a158 _bPB |
||
| 365 |
_b125 _cINR |
||
| 906 | _adoctors ; forensic ; lawyers ; Manual ; medicine: ; nurses. ; officers ; police | ||
| 942 |
_2ddc _cBK |
||
| 999 |
_c154139 _d154139 |
||